Asterix the gaul
| Other Authors: | |
|---|---|
| Format: | Book |
| Published: |
London :
Hodder Dargaud ,
1970
|
| Subjects: |
MARC
| LEADER | 00000cam a2200000 7i4500 | ||
|---|---|---|---|
| 001 | 0000003398 | ||
| 002 | 000003665 | ||
| 005 | 20000330.0 | ||
| 020 | |a 0340601744 | ||
| 090 | 0 | 0 | |a C |b AST |
| 245 | 0 | 0 | |a Asterix the gaul |c text by Goscinny |
| 260 | |a London : |b Hodder Dargaud , |c 1970 | ||
| 300 | |a 48p. ; |c 29cm. | ||
| 650 | 0 | 0 | |a Cartoon and carricatures |
| 700 | 0 | |a Goscinny | |
| 999 | |a 036945 |b BUKU |c CARTOON |e PERPUSTAKAAN KOMUNITI PETALING JAYA | ||